[Event "Barcelona Primavera La Lira op 4th"]
[Site "Barcelona"]
[Date "2011.05.19"]
[Round "7"]
[White "Serentill Tost, Eduard"]
[Black "Gonzalez Consuegra, Amador"]
[Result "1/2-1/2"]
[WhiteElo "1753"]
[BlackElo "1810"]
[PlyCount "92"]
[EventDate "2011.03.31"]
[EventType "swiss"]
[EventRounds "9"]
[EventCountry "ESP"]
[SourceTitle "EXT 2012"]
[Source "ChessBase"]
[SourceDate "2011.11.24"]
[SourceVersion "1"]
[SourceVersionDate "2011.11.24"]
[SourceQuality "1"]

1. e4 c5 2. Nf3 d6 3. d4 cxd4 4. Nxd4 Nf6 5. Nc3 a6 6. Be2 e5 7. Nb3 Be7 8. Be3 Be6 9. f3 0-0 10. Nd5 Nbd7 11. Qd2 Bxd5 12. exd5 Nb6 13. c4 Na4 14. 0-0 Nc5 15. Nxc5 dxc5 16. Rad1 Bd6 17. Bg5 Kh8 18. Bd3 h6 19. Bh4 Ne4 20. Qe1 Ng5 21. Kh1 Qc7 22. Bxg5 hxg5 23. Bc2 g6 24. h4 gxh4 25. Qxh4+ Kg7 26. Qe4 Rh8+ 27. Kg1 Qe7 28. Rf2 Rh4 29. f4 Rah8 30. Kf1 f5 31. Qe3 Rh1+ 32. Ke2 Rxd1 33. Bxd1 Rh4 34. g3 Rh3 35. Kd2 exf4 36. Qxe7+ Bxe7 37. gxf4 Bd6 38. Ke2 b5 39. b3 bxc4 40. bxc4 Kf6 41. Bb3 a5 42. Rf3 Rh2+ 43. Kd3 a4 44. Bxa4 Rxa2 45. Bb5 Ra3+ 46. Ke2 Rxf3 1/2-1/2

[Event "Barcelona Primavera La Lira op 4th"]
[Site "Barcelona"]
[Date "2011.05.12"]
[Round "6"]
[White "Corominas Garrido, Jordi"]
[Black "Gonzalez Consuegra, Amador"]
[Result "1-0"]
[WhiteElo "1893"]
[BlackElo "1810"]
[PlyCount "57"]
[EventDate "2011.03.31"]
[EventType "swiss"]
[EventRounds "9"]
[EventCountry "ESP"]
[SourceTitle "EXT 2012"]
[Source "ChessBase"]
[SourceDate "2011.11.24"]
[SourceVersion "1"]
[SourceVersionDate "2011.11.24"]
[SourceQuality "1"]

1. c4 Nf6 2. Nc3 g6 3. g3 Bg7 4. Bg2 0-0 5. Nf3 d6 6. 0-0 Nc6 7. d4 a6 8. e3 e5 9. h3 Bd7 10. b3 Nh5 11. Bb2 Qc8 12. Kh2 f5 13. Nd5 e4 14. Ng1 Nf6 15. Nxf6+ Bxf6 16. f4 Nb4 17. Qd2 Nd3 18. Bc3 b5 19. Rfd1 b4 20. Bxb4 Nxb4 21. Qxb4 c5 22. Qd2 cxd4 23. exd4 Bc6 24. Rac1 Qe8 25. Qe3 d5 26. Ne2 Ra7 27. Nc3 dxc4 28. d5 Ba8 29. Qxa7 1-0

[Event "Sabadell Colon op 4th"]
[Site "Sabadell"]
[Date "2010.01.29"]
[Round "1.21"]
[White "Castaneda Munoz, Antonio"]
[Black "Gonzalez Consuegra, Amador"]
[Result "0-1"]
[WhiteElo "1606"]
[BlackElo "1883"]
[PlyCount "56"]
[EventDate "2010.01.29"]
[EventType "swiss"]
[EventRounds "9"]
[EventCountry "ESP"]
[SourceTitle "EXT 2024"]
[Source "ChessBase"]
[SourceDate "2023.10.10"]
[SourceVersion "1"]
[SourceVersionDate "2023.10.10"]
[SourceQuality "1"]

1. d4 Nf6 2. Nc3 d5 3. Bg5 Nbd7 4. Nf3 g6 5. Qd2 Ne4 6. Qe3 Nxg5 7. Qxg5 c6 8. e4 dxe4 9. Nxe4 Bg7 10. Bc4 0-0 11. 0-0 Qb6 12. Bb3 Nf6 13. Nxf6+ Bxf6 14. Qf4 a5 15. a4 Bd7 16. Rfe1 Rad8 17. Qh6 Bg7 18. Qh4 e6 19. Rad1 Bc8 20. Ng5 h6 21. Ne4 g5 22. Qg3 Rxd4 23. Rxd4 Qxd4 24. c3 Qb6 25. Nd2 Rd8 26. Qb8 Bd7 27. Qg3 Be8 28. Bxe6 Rxd2 0-1

[Event "Terrassa op-B"]
[Site "Terrassa"]
[Date "1996.??.??"]
[Round "3"]
[White "Gonzalez Consuegra, Amador"]
[Black "Gusi Puig, Lionel"]
[Result "1/2-1/2"]
[WhiteElo "1815"]
[BlackElo "1930"]
[PlyCount "120"]
[EventDate "1996.07.??"]
[EventType "swiss"]
[EventRounds "9"]
[EventCountry "ESP"]
[SourceTitle "EXT 2002"]
[Source "ChessBase"]
[SourceDate "2001.11.25"]
[SourceVersion "1"]
[SourceVersionDate "2001.11.25"]
[SourceQuality "1"]

1. e4 e5 2. Nf3 Nc6 3. Bb5 a6 4. Ba4 Nf6 5. 0-0 Be7 6. Re1 d6 7. c3 Bg4 8. h3 Bh5 9. d4 b5 10. d5 Nb8 11. Bc2 Nbd7 12. Nbd2 h6 13. Nf1 Nh7 14. Ng3 Bg6 15. a4 Ng5 16. Bxg5 Bxg5 17. Nxg5 hxg5 18. b4 Nb6 19. axb5 axb5 20. Qe2 Nc4 21. Bd3 Rxa1 22. Rxa1 0-0 23. Bxc4 bxc4 24. Qxc4 f5 25. exf5 Bxf5 26. Nxf5 Rxf5 27. Qc6 Rf8 28. Qa6 Qf6 29. Rf1 e4 30. Qa1 Qf5 31. c4 Rf6 32. Qd4 g4 33. hxg4 Qf4 34. Qe3 Qxg4 35. Re1 Rf3 36. Qxe4 Qxe4 37. Rxe4 Rc3 38. f3 Rc2 39. Kh2 Kf7 40. Kg3 Kf6 41. Kh3 Rc3 42. Kg4 Kg6 43. f4 Kf6 44. f5 Rc1 45. g3 Rc2 46. Re6+ Kf7 47. c5 Rc4+ 48. Kg5 Rxb4 49. cxd6 cxd6 50. Rxd6 Rd4 51. Rd7+ Kf8 52. Kg6 Rg4+ 53. Kh5 Rxg3 54. d6 Ke8 55. Re7+ Kf8 56. Re6 Kf7 57. Kh4 Rg1 58. Re4 Rd1 59. Re6 Rg1 60. Kh5 Rg2 1/2-1/2